000 00667nam a2200181Ia 4500
008 100921s9999 xx 000 0 und d
082 _b21737
_a120 थ 87
100 _aसामंत बाळ.
245 _aपुनर्जन्म एक शोध.
260 _bमॅजेस्टीक बुक स्टॉल,मुंबई.
_c1987
300 _a163
_b---
365 _b40
520 _aतत्वज्ञान-जीवन-मरण.
630 _aपुनर्जन्म एक शोध.
650 _aतत्वज्ञान-जीवन-मरण.
730 _aपुनर्जन्म एक शोध.
942 _cBOOK
999 _c770850
_d770847